000 01013nam a22002177a 4500
005 20120309123426.0
010 _aB-456388
020 _a9780521698566
_c450.00
020 _a0521698561
_c450.00
035 _aB-456388
082 _a488.24076
100 _aJakeman,Vanessa
_944406
245 _aStep up to IELTS :
_cby Vanessa Jakeman and Clare McDowell
_bself-study student's book /
260 _aNew Delhi
_bCambridge University Press
_c2006
270 _aCambridge House,4381/4,Ansari Road,Daryaganj,
_bNew Delhi
_e110002
300 _a141p
_c28cm(pbk)
_bill
_e+CD-ROM
700 _aMcDowell,Clare
_943703
942 _2ddc
_cEN
_mJAK
_h488.24076
999 _c63963
_d63963